000 00580nam a2200217Ia 4500
999 _c47066
_d47066
001 13923
003 GE_BSU
005 20221124114656.0
008 181216s1993||||enk|||||||||||||| ||eng||
020 _a0751360058x
040 _cGE_BSU
041 _aeng
080 _a599.61(075) E-63
245 _aElephant.Eyewitness Guides /
_cWritten by Ian Redmond; Photographed by Dave King.
264 _aLondon:
_bDorling kindersley,
_c1993.
300 _a63 p.;
_b28 cm.
300 _bill.
653 _aElephant.Eyewitness Guides.
653 _aსპილო
942 _cBK
_2udc